<?xml version="1.0" encoding="UTF-8"?>
<record
    xmlns:xsi="http://www.w3.org/2001/XMLSchema-instance"
    xsi:schemaLocation="http://www.loc.gov/MARC21/slim http://www.loc.gov/standards/marcxml/schema/MARC21slim.xsd"
    xmlns="http://www.loc.gov/MARC21/slim">

  <leader>01553nam a22002537a 4500</leader>
  <datafield tag="999" ind1=" " ind2=" ">
    <subfield code="c">8735</subfield>
    <subfield code="d">8735</subfield>
  </datafield>
  <controlfield tag="003">GBCCL</controlfield>
  <controlfield tag="005">20241126110657.0</controlfield>
  <controlfield tag="008">210922b           ||||| |||| 00| 0 eng d</controlfield>
  <datafield tag="020" ind1=" " ind2=" ">
    <subfield code="a">9781433688942 </subfield>
  </datafield>
  <datafield tag="020" ind1=" " ind2=" ">
    <subfield code="a">1433688948</subfield>
  </datafield>
  <datafield tag="040" ind1=" " ind2=" ">
    <subfield code="c">GBC</subfield>
  </datafield>
  <datafield tag="082" ind1=" " ind2=" ">
    <subfield code="a">262</subfield>
    <subfield code="b">CHU</subfield>
  </datafield>
  <datafield tag="100" ind1=" " ind2=" ">
    <subfield code="a">Denver, Mark </subfield>
    <subfield code="9">15408</subfield>
  </datafield>
  <datafield tag="245" ind1=" " ind2=" ">
    <subfield code="a">Understanding the Great Commission /</subfield>
    <subfield code="c">series editor, Jonathan Leeman, author, Mark Denver.</subfield>
  </datafield>
  <datafield tag="260" ind1=" " ind2=" ">
    <subfield code="a">Nashville, Tennessee : </subfield>
    <subfield code="b">B &amp; H Publishing Group, </subfield>
    <subfield code="c">[2016]</subfield>
  </datafield>
  <datafield tag="300" ind1=" " ind2=" ">
    <subfield code="a">vi, 61 pages ; </subfield>
    <subfield code="c">18 cm.</subfield>
  </datafield>
  <datafield tag="440" ind1=" " ind2=" ">
    <subfield code="a">Church basics</subfield>
    <subfield code="9">15402</subfield>
  </datafield>
  <datafield tag="505" ind1=" " ind2=" ">
    <subfield code="a">How did the apostles and the churches of the New Testament obey the Great Commission? By gathering Christians together in churches. The church is God's plan for evangelism, discipleship, and the Great Commission. This connection between the Great Commission and the church dramatically impacts how both leaders and members should think about their work of making disciples. We do it together.</subfield>
  </datafield>
  <datafield tag="505" ind1=" " ind2=" ">
    <subfield code="a">The Great Commission, you, and the local church --
God's Word, God's people --
Heaven's love, heaven's truth, heaven's people --
Preach the gospel, gather a church --
Teaching with correction and oversight --
Membership and a self-conscious commitment --
Four practices of a Great Commission church --
One more practice of a Great Commission church --
Should you stay or go? --
The grand goal of the Great Commission.</subfield>
  </datafield>
  <datafield tag="650" ind1=" " ind2=" ">
    <subfield code="a">Great Commission (Bible)</subfield>
    <subfield code="9">5893</subfield>
  </datafield>
  <datafield tag="650" ind1=" " ind2=" ">
    <subfield code="a"> Evangelistic work. </subfield>
    <subfield code="9">290</subfield>
  </datafield>
  <datafield tag="650" ind1=" " ind2=" ">
    <subfield code="a">Mission of the church.</subfield>
    <subfield code="9">50</subfield>
  </datafield>
  <datafield tag="942" ind1=" " ind2=" ">
    <subfield code="2">ddc</subfield>
    <subfield code="c">BK</subfield>
    <subfield code="0">1</subfield>
  </datafield>
  <datafield tag="952" ind1=" " ind2=" ">
    <subfield code="0">0</subfield>
    <subfield code="1">0</subfield>
    <subfield code="2">ddc</subfield>
    <subfield code="4">0</subfield>
    <subfield code="7">0</subfield>
    <subfield code="a">GBC</subfield>
    <subfield code="b">GBC</subfield>
    <subfield code="c">MNMS</subfield>
    <subfield code="d">2021-09-22</subfield>
    <subfield code="l">3</subfield>
    <subfield code="o">262 CHU</subfield>
    <subfield code="p">015187</subfield>
    <subfield code="r">2026-02-09 13:18:53</subfield>
    <subfield code="s">2026-02-05</subfield>
    <subfield code="t">c.1</subfield>
    <subfield code="w">2021-09-22</subfield>
    <subfield code="y">BK</subfield>
  </datafield>
</record>
